|
|
|
|
| LEADER |
00000nam0a2200000 4500 |
| 001 |
146566 |
| 005 |
20231031144706.0 |
| 010 |
|
|
|a 5340003388
|
| 020 |
|
|
|a RU
|b 91-44305
|
| 035 |
|
|
|a (RuTPU)RU\TPU\book\158866
|
| 090 |
|
|
|a 146566
|
| 100 |
|
|
|a 20081030d1991 m y0rusy5003 ca
|
| 101 |
0 |
|
|a rus
|
| 102 |
|
|
|a BY
|
| 105 |
|
|
|a y z 000ay
|
| 200 |
1 |
|
|a Раз и навсегда
|e рассказы, новеллы о человеке и природе
|f С. Е. Павлов
|
| 210 |
|
|
|a Минск
|c Мастацкая лiтаратура
|d 1991
|
| 215 |
|
|
|a 236,[1] с.
|
| 333 |
|
|
|a Исключено из фонда НТБ ТПУ
|
| 700 |
|
1 |
|a Павлов
|b С. Е.
|g Савелий Ефимович
|
| 801 |
|
0 |
|a RU
|b RuMRKP
|c 19950417
|g psbo
|
| 801 |
|
1 |
|a RU
|b 63413507
|c 20081030
|g PSBO
|
| 801 |
|
2 |
|a RU
|b 63413507
|c 20220516
|g PSBO
|
| 942 |
|
|
|c BK
|